000 00660nam a2200217Ii 4500
003 JO-AjNU
008 230606s9999||||xx |||||||||||||| ||und||
020 _a978-0-367-78019-7
040 _aJO-AjNU
_beng
_erda
_cJO-AjNU
041 _aeng
050 1 4 _aTK5105.8857.H34 2020
100 3 _aSolanki,Vijender Kumar, vicente Garcia Diaz,j, Paulo Davim,
_eauthor
_96474
245 0 0 _aHandbook of IOT and Big Data
250 _a1ed
264 3 1 _aLONDON:CRC press.2020
300 _a330p
336 _atext
_btxt
_2rdacontent
337 _aunmediated
_bn
_2rdamedia
338 _avolume
_bnc
_2rdacarrier
650 4 _ainternrt of things-Handbooks-manuals
_96475
999 _aE3360
_c3356
_d3356